UCSC Library OPAC

GRID AND CLUSTER COMPUTING (Record no. 23212)

MARC details
000 -LEADER
fixed length control field 00450nam a2200193Ia 4500
008 - FIXED-LENGTH DATA ELEMENTS--GENERAL INFORMATION
fixed length control field 240509s9999 xx 000 0 und d
020 ## - INTERNATIONAL STANDARD BOOK NUMBER
International Standard Book Number 9788120334281
041 ## - LANGUAGE CODE
Language code of text/sound track or separate title English
082 ## - DEWEY DECIMAL CLASSIFICATION NUMBER
Classification number 004.36
082 ## - DEWEY DECIMAL CLASSIFICATION NUMBER
Cutter number P61
100 ## - MAIN ENTRY--PERSONAL NAME
Personal name PRABHU, C.S.R.:
245 #0 - TITLE STATEMENT
Title GRID AND CLUSTER COMPUTING
260 ## - PUBLICATION, DISTRIBUTION, ETC.
Name of publisher, distributor, etc. INDIA : PRENTICE HALL
260 ## - PUBLICATION, DISTRIBUTION, ETC.
Date of publication, distribution, etc. 2008
300 ## - PHYSICAL DESCRIPTION
Extent (Pages) 240 p.
650 ## - SUBJECT ADDED ENTRY--TOPICAL TERM
Topical term or geographic name entry element GRID COMPUTING : CLUSTER COMPUTING
942 ## - ADDED ENTRY ELEMENTS (KOHA)
Source of classification or shelving scheme Dewey Decimal Classification
942 ## - ADDED ENTRY ELEMENTS (KOHA)
Koha item type Refrence Book
945 ## - LOCAL PROCESSING INFORMATION (OCLC)
creator borrowernumber 1
creator name Madushi Gamage
modifier borrowernumber 1
modifier name Madushi Gamage
Holdings
Withdrawn status Lost status Source of classification or shelving scheme Damaged status Not for loan Collection code Home library Current library Shelving location Date acquired Cost, normal purchase price Inventory number Total Checkouts Full call number Barcode Date last seen Price effective from Koha item type
    Dewey Decimal Classification     Reference Collection UCSC Library UCSC Library Reference Section 27/06/2024 974.00 9159   004.36 P61 A20887 27/06/2024 27/06/2024 Refrence Book
    Dewey Decimal Classification     Lending Collection UCSC Library UCSC Library Lending Section 27/06/2024 974.00 9158   004.36 P61 A20886 27/06/2024 27/06/2024 Lending Book